| 000 | 01916nam a2200469 i 4500 | ||
|---|---|---|---|
| 001 | DIGAKAL0655 | ||
| 003 | NyNyDIG | ||
| 007 | cr ||||||||||| | ||
| 008 | 220615s2020 sp o 000 0 spa d | ||
| 006 | m o d | ||
| 035 | _a(OCoLC)1283846688 | ||
| 040 |
_aDGITA _beng _erda _epn _cDGITA |
||
| 020 |
_a9788446050162 _qeBook |
||
| 020 | _z9788446049999 | ||
| 041 | 1 |
_aspa _heng |
|
| 050 | 1 | 4 | _aHB501 ebook |
| 082 | 1 | 4 | _a330.122 |
| 100 | 1 |
_aWright, Erik Olin, _eauthor. |
|
| 240 | 1 | 0 |
_aHow to be an anticapitalist in the twenty-first century. _lSpanish _s(Piña) |
| 245 | 1 | 0 |
_aCómo ser anticapitalista en el siglo XXI / _cErik Olin Wright ; traducción, Cristina Piña Aldao. |
| 264 | 1 |
_aTres Cantos, Madrid, España : _bAkal, _c[2020] |
|
| 300 | _a1 online resource. | ||
| 336 |
_atext _btxt _2rdacontent |
||
| 337 |
_acomputer _bc _2rdamedia |
||
| 338 |
_aonline resource _bcr _2rdacarrier |
||
| 347 |
_atext file _2rdaft |
||
| 347 | _bEPUB | ||
| 490 | 1 |
_aAkal Pensamiento crítico ; _v91 |
|
| 588 | 0 | _aOnline resource; title from ePub title page (Digitalia, viewed June 15, 2022) | |
| 650 | 0 |
_aCapitalism _xHistory _y21st century. |
|
| 650 | 0 | _aAnti-globalization movement. | |
| 655 | 0 | _aElectronic books. | |
| 700 | 1 |
_aPiña, Cristina, _etranslator. |
|
| 700 | 1 |
_iTranslation of: _aWright, Erik Olin. _tHow to be an anticapitalist in the twenty-first century. |
|
| 791 | 2 |
_aDigitalia (Firm), _edistributor. |
|
| 793 | 0 |
_gDigitalia eBook Collection: _aAkal |
|
| 776 | 0 | 8 |
_iPrint version: _aWright, Erik Olin. _sHow to be an anticapitalist in the twenty-first century. Spanish (Piña). _tCómo ser anticapitalista en el siglo XXI. _dTres Cantos, Madrid, España : Akal, [2020] _z9788446049999 |
| 830 | 0 |
_aPensamiento crítico (Akal Editor) ; _v91. |
|
| 856 | 4 | 0 |
_3Digitalia Hispánica _uhttps://www.digitaliapublishing.com/a/70715/ |
| 910 | _aPremium collection: 2022 | ||
| 942 | _cRAA | ||
| 999 |
_c263413 _d263413 |
||